| 000 | 00491cam a2200193ua 4500 | ||
|---|---|---|---|
| 020 | _c50.40 | ||
| 041 |
_aeng _h |
||
| 082 |
_a028.73636 _bMIL/BI |
||
| 100 | _aMiller, William C . | ||
| 245 |
_aBlacks`s veterinary dictionary / _cWilliam C Miller. _hTextual Documents |
||
| 250 |
_a7 / _b. |
||
| 260 |
_aLondon : _bAdam and Charles Black , _c1964. |
||
| 300 | _a1017 ; . | ||
| 365 | _a50.40 | ||
| 504 | _a | ||
| 700 | 1 | _aWest, Geoffrey P. | |
| 942 | _cBK | ||
| 999 |
_c9949 _d9949 |
||